| 000 | 00600nam a2200229Ia 4500 | ||
|---|---|---|---|
| 003 | OSt | ||
| 005 | 20221006165815.0 | ||
| 006 | a|||||r|||| 00| 0 | ||
| 007 | ta | ||
| 008 | 221006b |||||||| |||| 00| 0 hin d | ||
| 024 | _a4,759 | ||
| 037 | _cTextual | ||
| 040 |
_aFML _cFML _bhin |
||
| 041 |
_2hin _ahin |
||
| 082 | _aN:g, L2 | ||
| 100 |
_aJha Chiranjee Lal Au. _9680520 |
||
| 245 | 0 | _aKala ke Mool Tatva | |
| 260 |
_aGaziabad _bCricent Publishing House India _c1972 |
||
| 300 |
_a130 _ccm. |
||
| 942 |
_hN:g, L2 _cTEXL _2CC |
||
| 999 |
_c1122102 _d1122102 |
||